Famous People Named Mel - Statistics

General Stats
  • This quiz has been taken 124 times
  • The average score is 8 of 13
Answer Stats
Life Hint Person % Correct
1975– Singer nicknamed Scary Spice Mel B
95%
1970– First lady of the United States from 2017 to 2021 Melania Trump
87%
1956– Actor in Mad Max and Lethal Weapon Mel Gibson
87%
1926– Directed The Producers, Blazing Saddles, Spaceballs, and more Mel Brooks
79%
1819–1891 Wrote Moby Dick Herman Melville
75%
1957– Tippi Hedren's daughter, Antonio Banderas's ex-wife, Dakota Johnson's mom Melanie Griffith
70%
1974– Singer nicknamed Sporty Spice Melanie C
68%
1968– TV personality who is only child of her late comedian mother Joan Melissa Rivers
66%
1908–1989 Legendary voice actor for Bugs Bunny, Daffy Duck, Barney Rubble, and more Mel Blanc
59%
1970– Actress in Gilmore Girls and Bridesmaids Melissa McCarthy
45%
1925–1999 Composer of "The Christmas Song" known as "The Velvet Frog" Mel Tormé
39%
1976– Actress in Clarissa Explains It All and Sabrina the Teenage Witch Melissa Joan Hart
38%
1961– Singer songwriter of "Come to My Window" and "I'm the Only One" Melissa Etheridge
26%
No matching quizzes found
Score Distribution
Percent of People with Each Score
Percentile by Number Answered
Your Score History
You have not taken this quiz